Statistics for USA Landmarks & Attractions Map Quiz

Click here to take the quiz!

General Stats

  • This quiz has been taken 122 times
  • The average score is 18 of 40

Answer Stats

Answer % Correct
Niagara Falls
88%
Empire State Building
82%
Everglades National Park
75%
Golden Gate Bridge
75%
Space Needle
71%
French Quarter
69%
Walt Disney World
69%
Hollywood Sign
69%
Mount Rushmore
65%
Las Vegas Strip
65%
River Street, Savannah
63%
Grand Canyon
61%
State Capitol, Bismarck
57%
Gateway Arch
51%
Rocky Mountain National Park
51%
The Alamo
49%
Willis Tower
49%
Arlington National Cemetery
49%
Lake Tahoe
47%
Graceland
47%
Death Valley
47%
USS Alabama Battleship
41%
USS Constitution
41%
Lake Champlain
41%
Old Faithful
41%
National Cowboy Museum
37%
Colonial Williamsburg
37%
Grand Ole Opry
35%
Johnson Space Center
31%
National Mississippi River Museum
29%
Los Alamos
29%
Hot Springs National Park
27%
Monticello
24%
Vicksburg Military Park
22%
Lincoln Tomb
20%
London Bridge
16%
Boothill, Tombstone
16%
National Museum of the USAF
16%
Temple Square
14%
Cadillac Ranch
12%

Score Distribution

Percentile by Number Answered

Percent of People with Each Score

Your Score History

You have not taken this quiz